Información estadística de los funcionarios públicos del Istmo Centroamericano /
Guardado en:
| Autor principal: | |
|---|---|
| Formato: | Texto |
| Materias: | |
| Etiquetas: |
Agregar Etiqueta
Sin Etiquetas, Sea el primero en etiquetar este registro!
|
MARC
| LEADER | 00000 a a2200000 04500 | ||
|---|---|---|---|
| 001 | 14136 | ||
| 003 | |||
| 040 | |||
| 100 | |a Figueroa de Jain, Rethelny | ||
| 245 | |a Información estadística de los funcionarios públicos del Istmo Centroamericano / |c Rethelny Figueroa de Jain | ||
| 650 | |a RECURSOS HUMANOS | ||
| 650 | |a ESTADISTICAS DE EMPLEO | ||
| 650 | |a ADMINISTRACION PUBLICA | ||
| 650 | |a ESTADISTICAS DE EMPLEO | ||
| 650 | |a SALARIOS | ||
| 650 | |a ESCALA DE SALARIOS | ||
| 650 | |a TRABAJADORES SEGUN NIVEL DE CALIFICACION | ||
| 650 | |a POBLACION OCUPADA | ||
| 650 | |a EMPLEADOS | ||
| 650 | |a RECURSOS HUMANOS | ||
| 773 | |g número 38 -39; páginas 145-187 | ||
| 999 | |c 21767 |d 21767 | ||
